000 00474nam a2200193Ia 4500
008 240510s9999 xx 000 0 und d
020 _a0003540426051
041 _aEng
082 _a004.3
082 _bD37
100 _aWelch, J (Ed):
245 0 _aDistributed computing : Lecture notes in computer science:Proceedings
260 _bSpringer: Tokyo
260 _c2001
300 _a341 p.
650 _adistributed computing :
942 _2ddc
942 _cRBK
999 _c27474
_d27474
945 _a1
_bMadushi Gamage
_c1
_dMadushi Gamage